| 000 | 00555nam a2200181Ia 4500 | ||
|---|---|---|---|
| 020 | _a(hb) | ||
| 082 |
_a320.5095491 _bSHA |
||
| 100 |
_aSharif Al Mujahid _950894 |
||
| 245 | _aIdeology of Pakistan | ||
| 260 |
_aLahore: _bProgressive publishers, _c1974 |
||
| 300 | _a28p. | ||
| 526 |
_a0 _b0 _c0 _d320_509549100000000_SHA |
||
| 526 |
_a0 _b0 _c0 _d320_509549100000000_SHA |
||
| 526 |
_a0 _b0 _c0 _d320_509549100000000_SHA |
||
| 526 |
_a0 _b0 _c0 _d320_509549100000000_SHA |
||
| 650 |
_aPakistan -- Politics and Government -- 1947 -- _937682 |
||
| 942 |
_2ddc _cBK |
||
| 999 |
_c553632 _d553632 |
||